| 000 | 00745nam a22002777a 4500 | ||
|---|---|---|---|
| 005 | 20230601171349.0 | ||
| 008 | 160810b2001 xxu||||| |||| 00| 0 spa d | ||
| 020 | _a8449406978 | ||
| 041 | _aESP | ||
| 082 | _a004.1 E56e | ||
| 245 | _aEnciclopedia didáctica de computación | ||
| 260 | _aEspaña | ||
| 260 | _bOcéano | ||
| 260 | _c2001 | ||
| 300 | _a320 páginas | ||
| 505 | _aContiene disco compacto N° 87 | ||
| 650 |
_aCOMPUTADORES _978579 |
||
| 650 |
_aINFORMÁTICA _978580 |
||
| 650 |
_aALGORITMOS _978581 |
||
| 650 |
_aDIAGRAMAS DE FLUJO _978582 |
||
| 650 |
_aLENGUAJES DE PROGRAMACIÓN _978583 |
||
| 650 |
_aHARDWARE _978584 |
||
| 650 |
_aSOFTWARE _978585 |
||
| 650 |
_aGENERACIONES DE COMPUTADORAS _978586 |
||
| 942 | _cBK | ||
| 999 |
_c8363 _d8363 |
||